Manners to love by: (Record no. 14532)

000 -LEADER
fixed length control field 00613nam a2200181 a 4500
001 - CONTROL NUMBER
control field :::00012364$&:&@@
003 - CONTROL NUMBER IDENTIFIER
control field OkBaRHE
005 - DATE AND TIME OF LATEST TRANSACTION
control field 20000607103418.0
008 - FIXED-LENGTH DATA ELEMENTS--GENERAL INFORMATION
fixed length control field s1971 j 000 0 eng u
040 ## - CATALOGING SOURCE
Transcribing agency
100 1# - MAIN ENTRY--PERSONAL NAME
Personal name Loeb, Robert H.
245 10 - TITLE STATEMENT
Title Manners to love by:
Remainder of title for young couples.
Statement of responsibility, etc Preface by James A. Peterson.
260 ## - PUBLICATION, DISTRIBUTION, ETC. (IMPRINT)
Place of publication, distribution, etc New York, NY., :
Name of publisher, distributor, etc Association Press
Date of publication, distribution, etc c1971
300 ## - PHYSICAL DESCRIPTION
Extent 128 p. ;
Dimensions 21 cm.
650 ## - SUBJECT ADDED ENTRY--TOPICAL TERM
Topical term or geographic name as entry element Family Life Education
942 ## - ADDED ENTRY ELEMENTS (KOHA)
Source of classification or shelving scheme
Koha item type Books
Copies
Damaged status Not for loan Withdrawn status Permanent Location Shelving location Source of classification or shelving scheme Current Location Date acquired Lost status Price effective from Date last seen Koha item type Copy number Full call number Barcode
   RHEMA Bible Training CollegeGeneral Stacks RHEMA Bible Training College2010-04-14 2010-04-142010-04-14Books1HQ 10 L 5712364